Online
Catalog

Richard Wagner : (Record no. 21577)

MARC details
000 -CABECERA
campo de control de longitud fija 00639nam a2200217 u 4500
001 - NÚMERO DE CONTROL
campo de control 000022079
005 - FECHA Y HORA DE LA ÚLTIMA TRANSACCIÓN
campo de control 20200930011555.0
008 - DATOS DE LONGITUD FIJA--INFORMACIÓN GENERAL
campo de control de longitud fija 100916s1998 ck a 000 0 spa d
020 ## - NÚMERO INTERNACIONAL ESTÁNDAR DEL LIBRO
Número Internacional Estándar del Libro 9589196705
082 ## - NÚMERO DE LA CLASIFICACIÓN DECIMAL DEWEY
Número de clasificación 927.43
Número de documento/Ítem W132S
049 ## - FONDOS LOCALES (OCLC)
Fondos de biblioteca BNGR
040 ## - FUENTE DE LA CATALOGACIÓN
Centro catalogador/agencia de origen DO-SdBNP
100 1# - ENTRADA PRINCIPAL--NOMBRE DE PERSONA
Nombre de persona Salbucho, Adrian.
9 (RLIN) 45738
245 10 - MENCIÓN DE TÍTULO
Título Richard Wagner :
Resto del título el profeta de la edad de hierro /
Mención de responsabilidad, etc. Adrian Salbuchi.
260 ## - PUBLICACIÓN, DISTRIBUCIÓN, ETC.
Lugar de publicación, distribución, etc. Bogotá :
Nombre del editor, distribuidor, etc. Solar,
Fecha de publicación, distribución, etc. 1998.
300 ## - DESCRIPCIÓN FÍSICA
Extensión 216 p. :
Otras características físicas il. ;
Dimensiones 20 cm.
490 1# - MENCIÓN DE SERIE
Mención de serie Solar
500 ## - NOTA GENERAL
Nota general Incluye biografía del autor en la contracubierta.
600 1# - PUNTO DE ACCESO ADICIONAL DE MATERIA--NOMBRE DE PERSONA
Nombre de persona WAGNER, RICHARD,
Fechas asociadas al nombre 1813-1883
9 (RLIN) 45739
830 #0 - PUNTO DE ACCESO ADICIONAL DE SERIE-TÍTULO UNIFORME
Título uniforme Solar
9 (RLIN) 19241
Holdings
Estado de retiro Estado de pérdida Restricciones de uso No para préstamo Código de colección Localización permanente Ubicación/localización actual Ubicación en estantería Fecha de adquisición Número de inventario Total de préstamos Signatura topográfica completa Código de barras Fecha visto por última vez Precio válido a partir de Tipo de ítem Koha
        Monografías: Libros y Folletos General General En catalogación 16.09.2010 LF1   927.43 W132S 22079-10 25.06.2020 25.06.2020 Préstamo en sala

Powered by Koha